1327 1909 1073 1205 1940 1963 1898 1675 1879 1839 1271 1584 1327 1932 1071 1137 1482 1989 1243 1413 1423 1127 1039 1730 1821 1291 1225 1515 1781 1545 1967 1252 1729 1004 1435 1155 1793 1179 1084 1751 1477 1998 1917 1255 1959 1551 1483 1374 1044 1183 1798 1338 1621 1423 1426 1612 1217 1605 1121 1832 1661 1005 1186 1355 1760 1710 1878 1147 1565 1204 1745 1894 1425 1096 1359 1627 1311 1163 1012 1728 1057 1328 1485 1434 1046 1041 1455 1754 1434 1427 1778 1813 1686 1586 1495 1470 1751 1487 1274 BCNSPRNW ULIB Ver.6.0+V

เปลี่ยนเป็นภาษาไทย

Change to English
 แสดงรายละเอียดบรรณานุกรม
  กลับหน้าหลัก

Brief Record : Get Marc (ISO 2709) : E-mail record : QR code < ปิดหน้าต่าง
LEADER : 00000nam 2200000uu 4500
001    13399107885
003     ULIB
008    110209s2549||||th 000 0 tha d
020    9742600872
060 04 WZ100^bส918ก 2549
245 00 เกียรติประวัติแพทย์ไทยฝากไว้ให้คนรุ่นหลังชีวิตและงานของศาสตราจารย์นายแพทย์เสม พริ้งพวงแก้ว /^cผู้เรียบเรียงและบรรณาธิการ, สันติสุข กิตติดิลกกุล
250    พิมพ์ครั้งที่ 2
260    [กรุงเทพฯ] :^bสำนักวิจัยสังคมและสุขภาพ :^bสำนักนโยบายและยุทธศาสตร์,^c2549
300    233 หน้า :^bภาพประกอบ ;^c30 ซม.
600 07 เสม พริ้งพวงแก้ว,^d2454-
650  7 แพทย์^zไทย^xชีวประวัติ
710 2  สำนักนโยบายและยุทธศาสตร์ (สนย.)
710 2  สำนักวิจัยสังคมและสุขภาพ (สวสส.)
945    ^p0^l0^i020733
995    เกษร
999 ^a ใช้งานได้ทุกระบบ
รายการนี้ยังไม่มีแท็ก
คุณยังไม่ได้ล็อกอิน คุณสามารถมีกิจกรรมร่วมกับเว็บไซต์ได้ แต่ต้องล็อกอินก่อน ::
  ล็อกอิน

รายการสื่อสารสนเทศ

ลำดับที่ ประเภท เลขเรียก/บาร์โค้ด สถานที่ สถานะ
- ไม่พบข้อมูล -

BibComment


ยังไม่เคยถูกคอมเมนท์

คอมเมนท์ทรัพยากรรายการนี้
  คอมเมนท์: เกียรติประวัติแพท..


 Copyright 2026. Bcnsprnw @Library